[Event "IM"]
[Site "Aarhus"]
[Date "2003.08.02"]
[Round "7"]
[White "Hermansson, Emil"]
[Black "Matthiesen, Arne"]
[Result "1-0"]
[WhiteElo "2386"]
[BlackElo "2282"]
[PlyCount "93"]
[EventDate "2003.07.27"]
[EventType "tourn"]
[EventRounds "9"]
[EventCountry "DEN"]
[EventCategory "5"]
[SourceTitle "CBM 095 Extra"]
[Source "ChessBase"]
[SourceDate "2003.09.04"]

1. e4 g6 2. d4 Bg7 3. Nc3 d6 4. Be3 a6 5. Qd2 b5 6. a4 b4 7. Nd1 a5 8. c3 bxc3
9. bxc3 Nf6 10. f3 Nbd7 11. Nh3 c6 12. Nhf2 O-O 13. Bh6 Bxh6 14. Qxh6 e5 15.
Be2 Qb6 16. Qd2 Ba6 17. dxe5 dxe5 18. O-O Rfd8 19. Bxa6 Qxa6 20. Qg5 Qc4 21.
Ne3 Qe6 22. Rad1 Kh8 23. h4 Ng8 24. h5 f6 25. Qg3 Nf8 26. Rb1 Rab8 27. f4 exf4
28. Qxf4 Rxb1 29. Rxb1 gxh5 30. Qc7 Qa2 31. Rf1 Ne6 32. Qxa5 Rd7 33. Qxh5 Qxa4
34. Neg4 Ng7 35. Qh4 Ne8 36. Rb1 Qa7 37. e5 fxe5 38. Nxe5 Rd6 39. Re1 Nef6 40.
Qf4 Rd5 41. Nxc6 Qc5 42. Ne7 Rd3 43. Nxg8 Nxg8 44. Re5 Qa7 45. Rg5 Qe3 46.
Rxg8+ Kxg8 47. Qc4+ 1-0

[Event "IM"]
[Site "Aarhus"]
[Date "2003.07.28"]
[Round "2"]
[White "Hermansson, Emil"]
[Black "Bromann, Thorbjorn"]
[Result "1-0"]
[WhiteElo "2386"]
[BlackElo "2360"]
[PlyCount "85"]
[EventDate "2003.07.27"]
[EventType "tourn"]
[EventRounds "9"]
[EventCountry "DEN"]
[EventCategory "5"]
[SourceTitle "CBM 095 Extra"]
[Source "ChessBase"]
[SourceDate "2003.09.04"]

1. d4 d5 2. c4 Nc6 3. Nf3 Bg4 4. Nc3 e6 5. cxd5 exd5 6. Bf4 Bd6 7. Nxd5 Bxf4 8.
Nxf4 Bxf3 9. gxf3 Qxd4 10. Qxd4 Nxd4 11. O-O-O Ne6 12. Nxe6 fxe6 13. Rg1 g6 14.
Bh3 Ke7 15. Rd3 Kf6 16. Rg4 Ne7 17. Re4 Rhd8 18. Rxe6+ Kf7 19. Ree3 c5 20. Bd7
h6 21. Rd2 g5 22. Red3 Kg7 23. Bg4 Rxd3 24. Rxd3 Rb8 25. Rd7 Kf6 26. Rd6+ Kg7
27. Bh5 a5 28. a4 b5 29. Re6 Nd5 30. e3 bxa4 31. Rg6+ Kh7 32. Ra6 Kg7 33. Rg6+
Kh7 34. Ra6 Kg7 35. Rxa5 Nb4 36. Kd2 Nc6 37. Rxc5 Ne7 38. Kc2 Rb4 39. Bg4 Kf6
40. Ra5 Kg6 41. Ra6+ Kg7 42. Bd7 Rc4+ 43. Kb1 1-0

[Event "IM"]
[Site "Aarhus"]
[Date "2003.07.31"]
[Round "5"]
[White "Jedynak, Radoslaw"]
[Black "Hermansson, Emil"]
[Result "1/2-1/2"]
[WhiteElo "2453"]
[BlackElo "2386"]
[PlyCount "39"]
[EventDate "2003.07.27"]
[EventType "tourn"]
[EventRounds "9"]
[EventCountry "DEN"]
[EventCategory "5"]
[SourceTitle "CBM 095 Extra"]
[Source "ChessBase"]
[SourceDate "2003.09.04"]

1. d4 d5 2. c4 c6 3. cxd5 cxd5 4. Nc3 Nf6 5. Nf3 Nc6 6. Bf4 a6 7. e3 Bg4 8. h3
Bxf3 9. Qxf3 e6 10. Bd3 Bd6 11. O-O Bxf4 12. Qxf4 O-O 13. Rfc1 Qb8 14. Qf3 Qd6
15. Na4 Rfd8 16. Nc5 Rab8 17. Qd1 e5 18. Qa4 Ne7 19. dxe5 Qxe5 20. Qd4 1/2-1/2

[Event "IM"]
[Site "Aarhus"]
[Date "2003.07.28"]
[Round "2"]
[White "Jedynak, Radoslaw"]
[Black "Vinther Schou, Uffe"]
[Result "1/2-1/2"]
[WhiteElo "2453"]
[BlackElo "2390"]
[PlyCount "174"]
[EventDate "2003.07.27"]
[EventType "tourn"]
[EventRounds "9"]
[EventCountry "DEN"]
[EventCategory "5"]
[SourceTitle "CBM 095 Extra"]
[Source "ChessBase"]
[SourceDate "2003.09.04"]

1. d4 Nf6 2. c4 e6 3. Nc3 Bb4 4. Qc2 c5 5. dxc5 Bxc5 6. Nf3 Qb6 7. e3 Qc7 8.
Be2 b6 9. O-O a6 10. b3 Bb7 11. Bb2 Be7 12. Nd2 d6 13. Bf3 Nbd7 14. Rac1 O-O
15. Rfd1 Rac8 16. Qb1 Rfd8 17. Bxb7 Qxb7 18. Nde4 Nxe4 19. Nxe4 Nc5 20. Nc3 Nd7
21. Qd3 Nf6 22. Qe2 Ne8 23. Rd2 Bf6 24. Rdc2 Rd7 25. Ba3 Rdc7 26. Qd3 Be7 27.
Ne2 Nf6 28. f3 Ne8 29. Nd4 Nf6 30. Ne2 Ne8 31. Bb4 Rd7 32. Nd4 Nf6 33. a4 Bd8
34. e4 Bc7 35. Be1 Nh5 36. Ne2 Bd8 37. Bf2 Bg5 38. Be3 Bxe3+ 39. Qxe3 Nf6 40.
Nc3 Rc5 41. Rd1 Qc7 42. Rcd2 Ne8 43. Rd4 Re7 44. Qf2 Qb8 45. h3 Rec7 46. Kh1
Qd8 47. Qf1 Qc8 48. f4 Kf8 49. Qe1 Qb7 50. R4d3 Rc8 51. e5 dxe5 52. Ne4 exf4
53. Nxc5 bxc5 54. Qh4 Qe4 55. Qf2 Nf6 56. Rd8+ Rxd8 57. Rxd8+ Ke7 58. Rd1 Qe5
59. Qd2 Qc7 60. Re1 a5 61. Qf2 g5 62. Qb2 h6 63. Qc3 Qc6 64. Qxa5 f3 65. Qd2
Ne4 66. Qe3 f2 67. Rf1 f5 68. Rxf2 f4 69. Qf3 Nxf2+ 70. Qxf2 e5 71. a5 e4 72.
a6 e3 73. Qa2 f3 74. gxf3 Qxf3+ 75. Qg2 Qd1+ 76. Kh2 Qd6+ 77. Qg3 e2 78. Qxd6+
Kxd6 79. a7 e1=Q 80. a8=Q Qe5+ 81. Kh1 Qe1+ 82. Kh2 Qe5+ 83. Kg2 Qb2+ 84. Kh1
Qc1+ 85. Kg2 Qd2+ 86. Kg3 Qf4+ 87. Kg2 Qd2+ 1/2-1/2

[Event "IM"]
[Site "Aarhus"]
[Date "2003.08.03"]
[Round "8"]
[White "Jedynak, Radoslaw"]
[Black "Heim, Sverre"]
[Result "1/2-1/2"]
[WhiteElo "2453"]
[BlackElo "2399"]
[PlyCount "35"]
[EventDate "2003.07.27"]
[EventType "tourn"]
[EventRounds "9"]
[EventCountry "DEN"]
[EventCategory "5"]
[SourceTitle "CBM 095 Extra"]
[Source "ChessBase"]
[SourceDate "2003.09.04"]

1. e4 e6 2. d4 d5 3. Nd2 Nf6 4. e5 Nfd7 5. Bd3 c5 6. c3 Nc6 7. Ne2 cxd4 8. cxd4
f6 9. exf6 Nxf6 10. Nf3 Bd6 11. O-O O-O 12. Bf4 Bxf4 13. Nxf4 Ne4 14. Qc1 Ng5
15. Nxg5 Qxg5 16. Ne2 Qf6 17. Qe3 Bd7 18. Rad1 1/2-1/2

[Event "IM"]
[Site "Aarhus"]
[Date "2003.08.04"]
[Round "9"]
[White "Jedynak, Radoslaw"]
[Black "Bae, Torstein"]
[Result "1-0"]
[WhiteElo "2453"]
[BlackElo "2366"]
[PlyCount "91"]
[EventDate "2003.07.27"]
[EventType "tourn"]
[EventRounds "9"]
[EventCountry "DEN"]
[EventCategory "5"]
[SourceTitle "CBM 095 Extra"]
[Source "ChessBase"]
[SourceDate "2003.09.04"]

1. d4 d5 2. c4 Nc6 3. Nc3 dxc4 4. Nf3 Nf6 5. e3 Bg4 6. Bxc4 e6 7. Bb5 Be7 8.
Qa4 Bxf3 9. gxf3 Qd7 10. Bd2 O-O 11. Rc1 Rfd8 12. Ne4 e5 13. Nxf6+ Bxf6 14.
Rxc6 bxc6 15. Bxc6 Qd6 16. d5 Rab8 17. b4 Be7 18. a3 Qg6 19. Ke2 Bd6 20. e4 f5
21. Qc2 Qg2 22. Rc1 f4 23. Qa4 Qxh2 24. Qxa7 h5 25. Qa4 h4 26. Rf1 Kf7 27. Qd1
Rh8 28. Rh1 Qg2 29. Rg1 Qh2 30. Bd7 Rh6 31. Rh1 Qg2 32. Bh3 Qg5 33. Qa4 Qe7 34.
Rg1 Rhh8 35. Bc3 Kf6 36. Qc2 g5 37. Ra1 Rb7 38. Qd1 Qe8 39. Qg1 Qb5+ 40. Kd2
Rg8 41. Qg4 Rg6 42. Qf5+ Kg7 43. Bxe5+ Bxe5 44. Qxe5+ Kh7 45. Bf5 Qb6 46. Ke1
1-0

[Event "IM"]
[Site "Aarhus"]
[Date "2003.08.04"]
[Round "9"]
[White "Matthiesen, Arne"]
[Black "Pedersen, Daniel Vesterbaek"]
[Result "1/2-1/2"]
[WhiteElo "2282"]
[BlackElo "2360"]
[PlyCount "123"]
[EventDate "2003.07.27"]
[EventType "tourn"]
[EventRounds "9"]
[EventCountry "DEN"]
[EventCategory "5"]
[SourceTitle "CBM 095 Extra"]
[Source "ChessBase"]
[SourceDate "2003.09.04"]

1. d4 d5 2. c4 e6 3. Nf3 Nf6 4. Nc3 Be7 5. Bg5 h6 6. Bh4 O-O 7. e3 b6 8. Bd3
Bb7 9. O-O Nbd7 10. Rc1 c5 11. cxd5 exd5 12. Qe2 a6 13. Rfd1 c4 14. Bb1 b5 15.
Ne5 Re8 16. a3 Nf8 17. Qf3 Qd6 18. Ne2 Bc8 19. Bg3 Qb6 20. Nf4 Bb7 21. Nh5 Rad8
22. Bh4 Bc8 23. Nxg7 Kxg7 24. Qg3+ Ng4 25. Bxe7 Rxe7 26. h3 Ng6 27. Nxg4 Bxg4
28. Qxg4 Qf6 29. Qf5 Qd6 30. h4 Nxh4 31. Qh7+ Kf6 32. Qxh6+ Ng6 33. Qh2 Qe6 34.
Qg3 Rh8 35. Re1 Qd7 36. Rcd1 Kg7 37. e4 Rh5 38. exd5 Rxe1+ 39. Rxe1 Rxd5 40.
Bxg6 fxg6 41. Re4 Qd6 42. Qe3 Kf7 43. g4 g5 44. f4 gxf4 45. Rxf4+ Kg7 46. Kg2
a5 47. Kf3 Qd7 48. Qe4 b4 49. axb4 axb4 50. Ke3 b3 51. Rf5 Rxf5 52. gxf5 Qd6
53. Kd2 Qb4+ 54. Kc1 c3 55. Qe5+ Kg8 56. Qe6+ Kh7 57. Qd7+ Kh6 58. Qc6+ Kg5 59.
Qxc3 Qa4 60. Kd2 Kxf5 61. Qc5+ Ke4 62. Kc3 1/2-1/2

[Event "IM"]
[Site "Aarhus"]
[Date "2003.07.30"]
[Round "4"]
[White "Matthiesen, Arne"]
[Black "Vinther Schou, Uffe"]
[Result "1-0"]
[WhiteElo "2282"]
[BlackElo "2390"]
[PlyCount "53"]
[EventDate "2003.07.27"]
[EventType "tourn"]
[EventRounds "9"]
[EventCountry "DEN"]
[EventCategory "5"]
[SourceTitle "CBM 095 Extra"]
[Source "ChessBase"]
[SourceDate "2003.09.04"]

1. d4 Nf6 2. Nf3 c5 3. d5 g6 4. c4 b5 5. cxb5 a6 6. bxa6 Bxa6 7. Nc3 d6 8. g3
Bg7 9. Bg2 O-O 10. Rb1 Nbd7 11. O-O Qa5 12. Bd2 Rfb8 13. Qc2 Ne8 14. Rfe1 Nc7
15. a4 Qb6 16. b3 Bxc3 17. Bxc3 Nxd5 18. Ne5 Nxe5 19. Bxd5 Nc6 20. Qe4 Bb7 21.
Qf4 Rf8 22. h4 e5 23. Qf6 Qd8 24. Qf3 Qc7 25. h5 Kg7 26. h6+ Kxh6 27. Qf6 1-0

[Event "IM"]
[Site "Aarhus"]
[Date "2003.07.28"]
[Round "2"]
[White "Matthiesen, Arne"]
[Black "Bae, Torstein"]
[Result "1-0"]
[WhiteElo "2282"]
[BlackElo "2366"]
[PlyCount "69"]
[EventDate "2003.07.27"]
[EventType "tourn"]
[EventRounds "9"]
[EventCountry "DEN"]
[EventCategory "5"]
[SourceTitle "CBM 095 Extra"]
[Source "ChessBase"]
[SourceDate "2003.09.04"]

1. d4 f5 2. c4 Nf6 3. Nc3 e6 4. e3 b6 5. Bd3 Bb7 6. Nf3 Bb4 7. Bd2 O-O 8. Qc2
c5 9. O-O-O cxd4 10. exd4 Nc6 11. d5 Ne7 12. dxe6 dxe6 13. Rhe1 Bxf3 14. gxf3
Nc6 15. Nb5 a6 16. Rxe6 Rc8 17. Bxb4 Nxb4 18. Qb3 Nxa2+ 19. Qxa2 axb5 20. Bc2
Qc7 21. c5 Qf7 22. Kb1 bxc5 23. Bxf5 Kh8 24. Qa6 Rb8 25. Qd6 c4 26. Re7 Qh5 27.
Be4 Qg5 28. Rb7 Rbc8 29. Qe6 Nxe4 30. fxe4 Rce8 31. Qc6 Re5 32. Rdd7 Qg1+ 33.
Ka2 Qxf2 34. Ra7 Rc5 35. Rxg7 1-0

[Event "IM"]
[Site "Aarhus"]
[Date "2003.08.01"]
[Round "6"]
[White "Matthiesen, Arne"]
[Black "Jedynak, Radoslaw"]
[Result "1-0"]
[WhiteElo "2282"]
[BlackElo "2453"]
[PlyCount "97"]
[EventDate "2003.07.27"]
[EventType "tourn"]
[EventRounds "9"]
[EventCountry "DEN"]
[EventCategory "5"]
[SourceTitle "CBM 095 Extra"]
[Source "ChessBase"]
[SourceDate "2003.09.04"]

1. d4 Nf6 2. Nf3 e6 3. g3 b6 4. Bg2 Bb7 5. c4 Bb4+ 6. Bd2 Bxd2+ 7. Qxd2 Qe7 8.
Nc3 Ne4 9. Nxe4 Bxe4 10. O-O d6 11. Qe3 Bb7 12. Rfd1 Nd7 13. Rac1 a5 14. Ng5
Bxg2 15. Kxg2 O-O 16. Ne4 Rfc8 17. Nc3 Nf6 18. Qf3 Rab8 19. e4 Nd7 20. Rc2 c6
21. Qe2 Nf8 22. d5 cxd5 23. cxd5 e5 24. Na4 Rxc2 25. Qxc2 b5 26. Nc3 Qc7 27.
Rc1 Nd7 28. a4 b4 29. Nb5 Qxc2 30. Rxc2 Nc5 31. Nxd6 Nxa4 32. Nb7 b3 33. Rc7
Nxb2 34. Nxa5 f5 35. Nc6 Rf8 36. Ne7+ Kh8 37. d6 Na4 38. d7 Nb6 39. Rb7 Na4 40.
Rb8 Rxb8 41. Nc8 h6 42. d8=Q+ Kh7 43. Qc7 Ra8 44. Qb7 b2 45. Qxa8 b1=Q 46. Qxa4
f4 47. Qc4 Qd1 48. Qc3 h5 49. Qf3 1-0

[Event "IM"]
[Site "Aarhus"]
[Date "2003.08.03"]
[Round "8"]
[White "Pedersen, Daniel Vesterbaek"]
[Black "Hermansson, Emil"]
[Result "0-1"]
[WhiteElo "2360"]
[BlackElo "2386"]
[PlyCount "106"]
[EventDate "2003.07.27"]
[EventType "tourn"]
[EventRounds "9"]
[EventCountry "DEN"]
[EventCategory "5"]
[SourceTitle "CBM 095 Extra"]
[Source "ChessBase"]
[SourceDate "2003.09.04"]

1. d4 d5 2. c4 c6 3. Nc3 Nf6 4. e3 a6 5. Bd3 b5 6. b3 Bg4 7. Qc2 e6 8. Nge2
Nbd7 9. f3 Bh5 10. Nf4 Bg6 11. Nxg6 hxg6 12. c5 e5 13. Bd2 Qc7 14. O-O-O exd4
15. exd4 Rxh2 16. Rde1+ Be7 17. Ne2 O-O-O 18. Rxh2 Qxh2 19. Bf4 Qxg2 20. Qd2
Kb7 21. Qa5 Rc8 22. Qd2 Nh5 23. Be3 Bh4 24. Rd1 Re8 25. a4 Qxf3 26. Bg1 Qg2 27.
Kb1 Bg5 28. Qa2 b4 29. a5 Nf4 30. Bxa6+ Ka7 31. Nxf4 Qxa2+ 32. Kxa2 Kxa6 33.
Nd3 Re2+ 34. Kb1 Kxa5 35. Bf2 Rd2 36. Rxd2 Bxd2 37. Kc2 Bc3 38. Kd1 f6 39. Nf4
Nf8 40. Kc2 g5 41. Ne2 Ne6 42. Nxc3 bxc3 43. Kxc3 f5 44. Be1 Kb5 45. Kd3 Nf4+
46. Kc2 g4 47. Kd2 Ne6 48. Ke3 f4+ 49. Kd3 g5 50. Bc3 g3 51. Ke2 g4 52. Kf1 f3
53. Kg1 Nf4 0-1

[Event "IM"]
[Site "Aarhus"]
[Date "2003.08.01"]
[Round "6"]
[White "Pedersen, Daniel Vesterbaek"]
[Black "Bank, Pelle Rodkjaer"]
[Result "1-0"]
[WhiteElo "2360"]
[BlackElo "2260"]
[PlyCount "77"]
[EventDate "2003.07.27"]
[EventType "tourn"]
[EventRounds "9"]
[EventCountry "DEN"]
[EventCategory "5"]
[SourceTitle "CBM 095 Extra"]
[Source "ChessBase"]
[SourceDate "2003.09.04"]

1. e4 g6 2. d4 c6 3. Nc3 d5 4. Nf3 Bg4 5. h3 Bxf3 6. Qxf3 Nf6 7. e5 Nh5 8. e6
fxe6 9. g4 Ng7 10. Bf4 e5 11. Bxe5 Nd7 12. Bg3 Qa5 13. O-O-O O-O-O 14. h4 e6
15. Kb1 Bb4 16. Ne2 Rhf8 17. Qe3 Nf6 18. f3 Bd6 19. Bxd6 Rxd6 20. Ng3 Rdd8 21.
h5 gxh5 22. g5 Nd7 23. Bd3 Rde8 24. Bxh7 e5 25. Nxh5 exd4 26. Qxd4 Ne6 27. Qh4
Ne5 28. Nf6 Nxf3 29. Qg4 Ne5 30. Qg3 Nc4 31. Nxe8 Rf4 32. c3 Nxb2 33. Kxb2 Nc5
34. Qxf4 Na4+ 35. Kc1 Qxc3+ 36. Bc2 Qb2+ 37. Kd2 Qc3+ 38. Ke2 Qxc2+ 39. Kf3 1-0

[Event "IM"]
[Site "Aarhus"]
[Date "2003.07.28"]
[Round "2"]
[White "Pedersen, Daniel Vesterbaek"]
[Black "Heim, Sverre"]
[Result "1/2-1/2"]
[WhiteElo "2360"]
[BlackElo "2399"]
[PlyCount "66"]
[EventDate "2003.07.27"]
[EventType "tourn"]
[EventRounds "9"]
[EventCountry "DEN"]
[EventCategory "5"]
[SourceTitle "CBM 095 Extra"]
[Source "ChessBase"]
[SourceDate "2003.09.04"]

1. d4 d5 2. c4 Nc6 3. e3 e5 4. dxe5 Bb4+ 5. Bd2 dxc4 6. Bxc4 Bxd2+ 7. Qxd2
Qxd2+ 8. Nxd2 Nxe5 9. Bb5+ c6 10. Be2 Nf6 11. Ngf3 Nxf3+ 12. Bxf3 Be6 13. Nb3
O-O-O 14. Nd4 Bd5 15. Bxd5 Rxd5 16. Ke2 c5 17. Nb5 Rhd8 18. Rhd1 a6 19. Nc3
Rxd1 20. Nxd1 b6 21. Rc1 Kb7 22. Rc4 Kc6 23. Rf4 Rd7 24. e4 Ne8 25. e5 f6 26.
exf6 Nxf6 27. Ne3 b5 28. g4 c4 29. g5 Nd5 30. Nxd5 Kxd5 31. Rf8 b4 32. Ra8 Rd6
33. Ra7 Rg6 1/2-1/2

[Event "IM"]
[Site "Aarhus"]
[Date "2003.07.30"]
[Round "4"]
[White "Pedersen, Daniel Vesterbaek"]
[Black "Bromann, Thorbjorn"]
[Result "0-1"]
[WhiteElo "2360"]
[BlackElo "2360"]
[PlyCount "76"]
[EventDate "2003.07.27"]
[EventType "tourn"]
[EventRounds "9"]
[EventCountry "DEN"]
[EventCategory "5"]
[SourceTitle "CBM 095 Extra"]
[Source "ChessBase"]
[SourceDate "2003.09.04"]

1. e4 e6 2. d4 d5 3. Nc3 Bb4 4. e5 c5 5. a3 Ba5 6. b4 cxd4 7. Nb5 Bc7 8. f4 Bd7
9. Nxc7+ Qxc7 10. Bd3 Ba4 11. Ne2 Nd7 12. Bb2 Ne7 13. Bxd4 Nb6 14. Nc3 a6 15.
g4 Bd7 16. a4 Nc4 17. Rb1 Rc8 18. Rb3 Nc6 19. Bf2 Nxb4 20. Rxb4 Nb2 21. Qd2
Nxd3+ 22. cxd3 Qxc3 23. Qxc3 Rxc3 24. Rxb7 Bxa4 25. Rb8+ Ke7 26. Rxh8 Rc1+ 27.
Kd2 Rxh1 28. Rxh7 g6 29. Bc5+ Ke8 30. Rh8+ Kd7 31. Be3 Bd1 32. Rf8 Bxg4 33.
Rxf7+ Kc6 34. Ra7 Rxh2+ 35. Kc3 Rh3 36. Bd4 Bf5 37. Rxa6+ Kb5 38. Rb6+ Ka5 0-1

[Event "IM"]
[Site "Aarhus"]
[Date "2003.07.27"]
[Round "1"]
[White "Vinther Schou, Uffe"]
[Black "Bank, Pelle Rodkjaer"]
[Result "1-0"]
[WhiteElo "2390"]
[BlackElo "2260"]
[PlyCount "63"]
[EventDate "2003.07.27"]
[EventType "tourn"]
[EventRounds "9"]
[EventCountry "DEN"]
[EventCategory "5"]
[SourceTitle "CBM 095 Extra"]
[Source "ChessBase"]
[SourceDate "2003.09.04"]

1. e4 g6 2. d4 Bg7 3. Nf3 c6 4. h3 d5 5. e5 Nh6 6. Bf4 f6 7. Qd2 Nf7 8. Nc3 O-O
9. O-O-O b5 10. Re1 Na6 11. h4 Nc7 12. Bd3 Ne6 13. exf6 exf6 14. Be3 f5 15. h5
Qf6 16. hxg6 hxg6 17. Ne2 c5 18. Bxb5 Rb8 19. Ba4 Nd6 20. Bh6 Rxb2 21. Bxg7
Qxg7 22. Bb3 Ne4 23. Qh6 Rxb3 24. axb3 Nxf2 25. Rh4 Qxh6+ 26. Rxh6 Kg7 27. Rh4
g5 28. Rh5 Kg6 29. Ng3 Ne4 30. Ne5+ Kf6 31. Rh6+ Ke7 32. Ng6+ 1-0

[Event "IM"]
[Site "Aarhus"]
[Date "2003.08.02"]
[Round "7"]
[White "Vinther Schou, Uffe"]
[Black "Bae, Torstein"]
[Result "1-0"]
[WhiteElo "2390"]
[BlackElo "2366"]
[PlyCount "49"]
[EventDate "2003.07.27"]
[EventType "tourn"]
[EventRounds "9"]
[EventCountry "DEN"]
[EventCategory "5"]
[SourceTitle "CBM 095 Extra"]
[Source "ChessBase"]
[SourceDate "2003.09.04"]

1. e4 c6 2. d4 d5 3. e5 c5 4. c3 Nc6 5. Be3 Nh6 6. Be2 Nf5 7. Nf3 e6 8. Qd2
Nxe3 9. fxe3 Be7 10. O-O O-O 11. a3 a5 12. a4 f6 13. exf6 Rxf6 14. Na3 Bd7 15.
Nb5 Be8 16. Rae1 Na7 17. Nxa7 Rxa7 18. Qc2 Bd6 19. Bd3 Bg6 20. Bxg6 Rxg6 21. e4
b6 22. exd5 exd5 23. Qf5 Rf7 24. Qxd5 Bxh2+ 25. Nxh2 1-0

[Event "IM"]
[Site "Aarhus"]
[Date "2003.07.29"]
[Round "3"]
[White "Vinther Schou, Uffe"]
[Black "Hermansson, Emil"]
[Result "0-1"]
[WhiteElo "2390"]
[BlackElo "2386"]
[PlyCount "72"]
[EventDate "2003.07.27"]
[EventType "tourn"]
[EventRounds "9"]
[EventCountry "DEN"]
[EventCategory "5"]
[SourceTitle "CBM 095 Extra"]
[Source "ChessBase"]
[SourceDate "2003.09.04"]

1. e4 c6 2. d4 d5 3. e5 Bf5 4. Nf3 e6 5. Be2 Ne7 6. O-O c5 7. Na3 Nbc6 8. dxc5
Ng6 9. Bg5 Qd7 10. Nb5 Bxc5 11. c4 O-O 12. cxd5 exd5 13. Rc1 Bb6 14. Nd6 Be6
15. Bb5 Ngxe5 16. Nxe5 Qxd6 17. Nxc6 bxc6 18. Rxc6 Qb4 19. Qe2 Bg4 20. Qd3 Qxb2
21. a4 Be6 22. Bd2 Qd4 23. Qc2 Qh4 24. a5 Bd4 25. g3 Qg4 26. Bd3 Rac8 27. Rxc8
Rxc8 28. Qd1 Qh3 29. Qf3 Bc5 30. Rb1 h5 31. Qf4 Qg4 32. Kg2 d4 33. Be4 Bd6 34.
Qxg4 hxg4 35. f3 f5 36. Bb7 Rc2 0-1